00779pam a2200229 a 4500001000500000005001700005020001800022040002300040050002500063082001100088100002400099245006800123260003200191300006100223505000800284520010200292521002000394521002000414650005000434650003600484700002900520258520240105155632.0 a9780152024079 aDLCcDLCdDLCbeng00aPZ7.B91527bDan 199500a813.541 aBunting, Eved1928-10aDandelions /cWritten by Eve Bunting ; illustrated by Greg Shed aNew York :bHarcourt,c1995 a42 unnumbered pages : bcolor illustrations ; c24 cm.  aP  aZoe and her family find strength in each other as they make a new home in the Nebraska territory. a650 bLexile  aP bRaz-Plus  1aFrontier and pioneer lifezNebraskaxFiction. 1aFamily lifezNebraskaxFiction.1 aShed, Gregeillustrator